Politicizing Islam: The Islamic Revival in France and India (Record no. 23041)

MARC details
000 -LEADER
fixed length control field 00348nam a22001337a 4500
020 ## - INTERNATIONAL STANDARD BOOK NUMBER
ISBN 9780190842376
082 ## - DEWEY DECIMAL CLASSIFICATION NUMBER
Classification number 305.6970 PAR
100 ## - MAIN ENTRY--AUTHOR NAME
Author name Parvez, Z. Fareen
245 ## - TITLE STATEMENT
Title Politicizing Islam: The Islamic Revival in France and India
260 ## - PUBLICATION, DISTRIBUTION, ETC. (IMPRINT)
Place of publication New Delhi
Name of publisher Oxford University Press
Year of publication 2017
300 ## - PHYSICAL DESCRIPTION
Number of Pages 269
650 ## - SUBJECT ADDED ENTRY--TOPICAL TERM
Topical Term Islam-India
942 ## - ADDED ENTRY ELEMENTS (KOHA)
Koha item type Books
Holdings
Collection code Home library Current library Shelving location Date acquired Source of acquisition Cost, normal purchase price Full call number Accession Number Koha item type
Non-fiction Henry Martyn Institute Library Henry Martyn Institute Library General stacks 09/15/2020 Dasgupta Publishers, Kolkata 895.00 305.6970 PAR 25727 Books
                   Copyright © 2026 | Henry Martyn Institute | Hyderabad | TS-500052 | INDIA | Implemented by hmi.edu.in
Hit-Count:

Powered by Koha